000 00485nam a2200181Ia 4500
003 LK-CoDNM
008 010623t1917 xxu||||| |||| 00| 1 sin d
040 _aLK-CoDNM
_dLK-CoDNM
_eLK-CoDNM
041 _asin
080 _a104 A 4
100 _aGunawardana,W.F.
_eed.
245 _aසුභාෂිත වන්නනා
246 _aSubhashita Vannana
260 _bP.Jorlis Dias
_aPanadura
_c1917
300 _bxix,135p, 21 cm
500 _aGunawardana Granthamala
942 _cBK
999 _c89320
_d89320